000 01019cam a2200301 a 4500
001 14093566
003 OSt
005 20160913184743.0
008 050831s2006 nyu 000 0 eng d
010 _a 2005281690
020 _a0-07-298322-1
035 _a(OCoLC)ocm61215936
040 _aCUY
_cCUY
_dDLC
042 _alccopycat
050 0 0 _aHG4026
_b.D46 2006
082 0 0 _aDC 658.15
_22006
_bD34c
100 1 _aDeMello, Jim.
245 1 0 _aCases in finance /
_cJim DeMello.
250 _a2nd ed.
260 _aNew York :
_bMcGraw-Hill/Irwin,
_cc2006.
300 _avi, 186 pages ;
_c23 cm.
650 0 _aCorporations
_xFinance
_vCase studies.
856 4 2 _3Publisher description
_uhttp://www.loc.gov/catdir/enhancements/fy0626/2005281690-d.html
856 4 1 _3Table of contents only
_uhttp://www.loc.gov/catdir/enhancements/fy0626/2005281690-t.html
906 _a7
_bcbc
_ccopycat
_d2
_encip
_f20
_gy-gencatlg
942 _2ddc
_cDC
999 _c4116
_d4116